| 000 | 00529nam a22001817a 4500 | ||
|---|---|---|---|
| 005 | 20250926112649.0 | ||
| 008 | 250926b |||||||| |||| 00| 0 eng d | ||
| 020 | _a9780857110640 | ||
| 050 |
_aRS403 _b.A8 |
||
| 100 | _aAttwood, David | ||
| 245 |
_aPhysical Pharmacy/ _cDavid Attwood & Alexander T. Florence |
||
| 250 | _a2nd ed. | ||
| 260 |
_aLondon _bPharmaceutical Press _c2013 |
||
| 300 |
_axi. 218p. _bill. some color _c23.5cm |
||
| 500 | _aincludes index | ||
| 700 | _aFlorence, Alexander T. | ||
| 942 |
_2lcc _cBK _e2nd ed. _n0 |
||
| 999 |
_c7750 _d7750 |
||